Interactive children, communicative teaching : ICT and classroom teaching /

This book is about: ICT learning at home and at school; Taking play seriously; ICT as a learning tool; Managing learning; ...

Salvato in:
Dettagli Bibliografici
Autore principale: Cook, Deirdre.
Altri autori: Finlayson, Helen.
Natura: Libro
Lingua:English
Pubblicazione: Buckingham : Open University Press, 1999.
Soggetti:
Tags: Aggiungi Tag
Nessun Tag, puoi essere il primo ad aggiungerne! !
Thư viện lưu trữ: Mạng thư viện Đại học Đà Nẵng
LEADER 01194cam a2200385 i 4500
001 000049554
003 9304
005 20030311113127.0
008 010319|1999 vm 000 eng
020 |a 0335200206 
040 |a IRC  |c IRC  |d IRC 
041 0 |a eng 
082 1 4 |a 371.334  |b CO-D 
100 1 |a Cook, Deirdre. 
245 0 0 |a Interactive children, communicative teaching :  |b ICT and classroom teaching /  |c Deirdre Cook and Helen Finlayson. 
260 |a Buckingham :  |b Open University Press,  |c 1999. 
300 |a xv, 142 p. :  |b ill. ;  |c 21.5cm. 
520 3 |a This book is about: ICT learning at home and at school; Taking play seriously; ICT as a learning tool; Managing learning; ... 
630 0 4 |a Education. 
630 0 4 |a Computer. 
630 0 4 |a Telecommunication systems. 
650 0 4 |a Information technology. 
650 0 4 |a Computer-assisted instruction. 
650 0 4 |a Telecommunication in education. 
700 1 |a Finlayson, Helen. 
OWN |a DUT 
999 |a From the UDN01 
TYP |a Monograph 
TYP |a Printed language 
980 |a Mạng thư viện Đại học Đà Nẵng